LEADER 01137nam a2200289 i 4500 001 991002997189707536 005 20020503181512.0 008 000331s19992002ne ||| | eng 020 $a9027221804 035 $ab10443538-39ule_inst 035 $aEXGIL113285$9ExL 040 $aDip.to Filol. Ling. e Lett.$bita 082 00$a417.2 245 00$aHandbook of perceptual dialectology /$cedited by Dennis R. Preston 260 $aAmsterdam ; Philadelphia :$bJohn Beniamins,$c[c1999] 300 $a2 v. :$bill. $c24cm. 650 4$aGeografia linguistica 650 4$aDialettologia 700 1 $aPreston, Dennis 700 1 $aLong, Daniel 907 $a.b10443538$b21-09-06$c27-06-02 912 $a991002997189707536 945 $aLE008 FL.M. GL. D A 64 V.01$g1$i2008000011413$lle008$o-$pE0.00$q-$rl$s- $t0$u1$v0$w1$x0$y.i10514387$z27-06-02 945 $aLE008 FL.M. GL. D A 64 V.02$cV. 2$g1$i2008000051464$lle008$naprile 2003$nRomanello$o-$pE0.00$q-$rl$s- $t0$u0$v0$w0$x0$y.i12499407$z10-04-03 996 $aHandbook of perceptual dialectology$9223935 997 $aUNISALENTO 998 $ale008$b01-01-00$cm$da $e-$feng$gne $h0$i1 LEADER 01390oam 2200445 a 450 001 9910704513303321 005 20130515090841.0 035 $a(CKB)5470000002442576 035 $a(OCoLC)810135697 035 $a(EXLCZ)995470000002442576 100 $a20120918d2012 ua 0 101 0 $aeng 135 $aurmn||||||||| 181 $ctxt$2rdacontent 182 $cc$2rdamedia 183 $acr$2rdacarrier 200 00$aAlabama$b[electronic resource] $e2010 : population and housing unit counts 210 1$a[Washington, D.C.] :$cU.S. Dept. of Commerce, Economics and Statistics Administration, U.S. Census Bureau,$d[2012] 215 $a1 online resource (105 unnumbered pages) $cillustrations, maps 300 $aTitle from title screen (viewed Sept. 18, 2012). 300 $a"Issued September 2012." 300 $a"2010 census of population and housing"--Cover. 300 $a"CPH-2-2." 517 $aAlabama 606 $aDemographic surveys$zAlabama 607 $aAlabama$xPopulation$vStatistics 607 $aUnited States$vCensus, 2010 608 $aStatistics.$2lcgft 615 0$aDemographic surveys 712 02$aU.S. Census Bureau. 801 0$bCBU 801 1$bCBU 801 2$bOCLCO 801 2$bCBU 801 2$bOCLCQ 801 2$bGPO 906 $aBOOK 912 $a9910704513303321 996 $aAlabama$93218623 997 $aUNINA